Statistiche per Riconosci il Calciatore - Quiz n°12

Clicka qui per fare il quiz!

Statistiche generali

  • Questo quiz è stato fatto 24 volte
  • Il punteggio medio è 16 su 19

Statistiche sulle risposte

IndizioRisposta% Corretto
RuoloAttaccante
100%
Squadra di club 6Newcastle Utd 2022-
95%
Squadra di club 5Real Sociedad 2019-2022
95%
NazionalitàSvezia
95%
Gol nei club100
90%
Squadra di club 4Willem II 2019-2019
90%
Data di nascita21/09/1999
85%
Squadra di club 1AIK 2016-2017
85%
Squadra di club 2Borussia Dortmund 2017-2018
85%
Squadra di club 3Borussia Dortmund II 2018-2019
85%
Trofei per nazionali0
80%
Gol in nazionale10
80%
Altezza192 cm
80%
Presenze nei club252
80%
Presenze in nazionale42
80%
Peso72 kg
80%
CalciatoreAlexander Isak
80%
Trofei individualiCapocannoniere della Coppa del Re: 1
2019-2020 (7 reti)
80%
Trofei per clubCoppa di Germania: 1
Borussia Dortmund: 2016-2017
Coppa di Spagna: 1
Real Sociedad: 2019-2020
80%

Distribuzione punteggi

Percentile per numero di risposta

Percentuale di utenti per punteggio

I tuoi punteggi nel tempo

Non hai fatto questo quiz